000 00519nam a22001937a 4500
003 OSt
005 20160408152219.0
008 160408b xxu||||| |||| 00| 0 eng d
020 _a9780333973691
040 _cDDC
082 _a003 SKI 2004
100 _aSkidmore, Steve; Eva, Malcolm
_97617
245 _aIntroducing Systems Development
260 _aLondon; Palgrave, 2004
300 _axii,335p; ill: 25cm
504 _aReferences, & index included
650 _aSystems development
_96565
942 _2z
_cO_SHELF
999 _c3422
_d3422